Asterix, ou, La parodie des identites / (رقم التسجيلة. 133626)

تفاصيل مارك
000 -LEADER
fixed length control field 01128cam a2200337 a 4500
008 - FIXED-LENGTH DATA ELEMENTS--GENERAL INFORMATION
fixed length control field 140513s2008 fr a b 000 0 fre
020 ## - INTERNATIONAL STANDARD BOOK NUMBER
International Standard Book Number 2081209268
020 ## - INTERNATIONAL STANDARD BOOK NUMBER
International Standard Book Number 9782081209268
040 ## - CATALOGING SOURCE
Original cataloging agency EG-GiCUC
Language of cataloging fre
Transcribing agency EG-GiCUC
050 00 - LIBRARY OF CONGRESS CALL NUMBER
Classification number PN6748.A8
Item number R67 2008
092 04 - LOCALLY ASSIGNED DEWEY CALL NUMBER (OCLC)
Classification number 848.91409
Item number R8699
Edition number 21
099 ## - LOCAL FREE-TEXT CALL NUMBER (OCLC)
Classification number 04
-- 848.91409 R8699
100 1# - MAIN ENTRY--PERSONAL NAME
Personal name Rouviere, Nicolas.
245 10 - TITLE STATEMENT
Title Asterix, ou, La parodie des identites /
Statement of responsibility, etc. Nicolas Rouviere ; preface Pascal Ory.
246 13 - VARYING FORM OF TITLE
Title proper/short title Parodie des identite{u00B4}s.
250 ## - EDITION STATEMENT
Edition statement 1re ed.
260 ## - PUBLICATION, DISTRIBUTION, ETC.
Place of publication, distribution, etc. Paris :
Name of publisher, distributor, etc. Flammarion,
Date of publication, distribution, etc. 2008.
300 ## - PHYSICAL DESCRIPTION
Extent 337 p. :
Other physical details ill. ;
Dimensions 24 cm.
490 1# - SERIES STATEMENT
Series statement Champs (Flammarion (Firme)),
Volume/sequential designation 763.
504 ## - BIBLIOGRAPHY, ETC. NOTE
Bibliography, etc. note Includes bibliographical references (p. 223-[226]).
600 10 - SUBJECT ADDED ENTRY--PERSONAL NAME
Personal name Goscinny,
Dates associated with a name 1926-1977.
Title of a work Asterix.
600 10 - SUBJECT ADDED ENTRY--PERSONAL NAME
Personal name Uderzo
General subdivision Criticism and interpretation.
630 00 - SUBJECT ADDED ENTRY--UNIFORM TITLE
Uniform title Asterix (Comic strip)
630 00 - SUBJECT ADDED ENTRY--UNIFORM TITLE
Uniform title Goscinny, Rene{u00B4}, -- 1926-1977 -- Personnages.
630 00 - SUBJECT ADDED ENTRY--UNIFORM TITLE
Uniform title Uderzo -- Personnages.
902 ## - LOCAL DATA ELEMENT B, LDB (RLIN)
No. of Items 1
905 ## - LOCAL DATA ELEMENT E, LDE (RLIN)
Cataloger Ibrahim
Reviser Rev
905 ## - LOCAL DATA ELEMENT E, LDE (RLIN)
Cataloger Jamal
Reviser Cat.
942 ## - ADDED ENTRY ELEMENTS (KOHA)
Source of classification or shelving scheme Dewey Decimal Classification
Koha item type Books
المقتنيات
Source of classification or shelving scheme Not for loan Home library Current library Date acquired Full call number Barcode Date last seen Koha item type
Dewey Decimal Classification   المكتبة المركزبة الجديدة - جامعة القاهرة قاعة الثقاقات الاجنبية - الدور الثالث 11.02.2024 848.91409 R8699 Fre. 01000110198267000 05.07.2024 Books
Cairo University Libraries Portal Implemented & Customized by: Eng. M. Mohamady Contacts: new-lib@cl.cu.edu.eg | cnul@cl.cu.edu.eg
CUCL logo CNUL logo
© All rights reserved — Cairo University Libraries
CUCL logo
Implemented & Customized by: Eng. M. Mohamady Contact: new-lib@cl.cu.edu.eg © All rights reserved — New Central Library
CNUL logo
Implemented & Customized by: Eng. M. Mohamady Contact: cnul@cl.cu.edu.eg © All rights reserved — Cairo National University Library